000 00313pab a2200145 454500
008 180718b2002 xxu||||| |||| 00| 0 eng d
100 _aDatt, Anuradha
245 _aFirst among animals
260 _c2002
300 _ap.7.
362 _a7 Aug
650 _aWild animals
773 _aPioneer
909 _a54354
999 _c54354
_d54354